00873naa a2200265 a 450000100080000000500110000800800410001910000200006024501610008026000090024165300100025065300130026065300160027365300270028965300170031670000190033370000150035270000210036770000200038870000180040870000140042670000180044070000170045877301320047511193632013-10-22 2013 bl uuuu u00u1 u #d1 aROZZETTO, D. S. aToler??ncia ao frio em gen??tipos de arroz irrigado expostos a baixas temperaturas em c??mara de crescimento no est??gio reprodutivo.h[electronic resource] c2013 aArroz aBreeding aCold stress aMelhoramento gen??tico aOryza sativa1 aMARSCHALEK, R.1 aSTUKER, H.1 aEBERHARDT, D. S.1 aRAIMONDI, J. V.1 aSANTOS, S. B.1 aPORTO, G.1 aPAZINI, B. S.1 aSOUZA, N. M. tIn: CONGRESSO BRASILEIRO DE ARROZ IRRIGADO, 8., 2013, Santa Maria, RS. Anais... Santa Maria, RS: UFSM/SOSBAI, 2013. p. 185-188.